study on the subsequent land registration meanchey district, phnom penh សិក្សារពីការចុះបញ្ចីដីបន្ត នៅខណ្ឌមានជ័យរាជធានីភ្នំពេញ (Record no. 18502)
[ view plain ]
| 000 -LEADER | |
|---|---|
| fixed length control field | 00621nam a22001577a 4500 |
| 003 - CONTROL NUMBER IDENTIFIER | |
| control field | LRUA |
| 005 - DATE AND TIME OF LATEST TRANSACTION | |
| control field | 20191211152517.0 |
| 008 - FIXED-LENGTH DATA ELEMENTS--GENERAL INFORMATION | |
| fixed length control field | 191211b xxu||||| |||| 00| 0 eng d |
| 040 ## - CATALOGING SOURCE | |
| Transcribing agency | RUA |
| 082 ## - DEWEY DECIMAL CLASSIFICATION NUMBER | |
| Classification number | LMA VON 2017 B652 Or.1 |
| 100 ## - MAIN ENTRY--PERSONAL NAME | |
| 9 (RLIN) | 14046 |
| Personal name | VONG SOPHA វង្ស សុផា |
| 245 ## - TITLE STATEMENT | |
| Title | study on the subsequent land registration meanchey district, phnom penh សិក្សារពីការចុះបញ្ចីដីបន្ត នៅខណ្ឌមានជ័យរាជធានីភ្នំពេញ |
| 260 ## - PUBLICATION, DISTRIBUTION, ETC. (IMPRINT) | |
| Place of publication, distribution, etc. | RUA |
| Name of publisher, distributor, etc. | Phnom penh |
| Date of publication, distribution, etc. | 2017 |
| 300 ## - PHYSICAL DESCRIPTION | |
| Extent | xii;51p |
| Other physical details | ill; |
| Dimensions | 29cm |
| 942 ## - ADDED ENTRY ELEMENTS (KOHA) | |
| Source of classification or shelving scheme | |
| Koha item type | LMA |
| Price effective from | Date last seen | Permanent Location | Not for loan | Date acquired | Source of classification or shelving scheme | Koha item type | Lost status | Withdrawn status | Date last checked out | Total Checkouts | Shelving location | Damaged status | Barcode | Current Location | Full call number |
|---|---|---|---|---|---|---|---|---|---|---|---|---|---|---|---|
| 2019-12-11 | 2019-12-11 | Library Block B | 2019-12-11 | LMA | B652 | A063597 | Library Block B | LMA VON 2017 B652 Or.1 | |||||||
| 2019-12-11 | 2021-12-08 | Library Block B | 2019-12-11 | LMA | 2021-11-17 | 5 | B652 | A063747 | Library Block B | LMA VON 2017 B652 Or.2 | |||||
| 2019-12-11 | 2019-12-11 | Library Block B | 2019-12-11 | LMA | B652 | A063585 | Library Block B | LMA VON 2017 B652 Or.3 | |||||||
| 2019-12-11 | 2025-03-27 | Library Block B | 2019-12-11 | LMA | 2025-02-27 | 1 | A063525 | Library Block B | LMA VON 2017 B652 Or.4 | ||||||
| 2019-12-11 | 2025-08-06 | Library Block B | 2019-12-11 | LMA | 2025-07-10 | 4 | B652 | A063737 | Library Block B | LMA VON 2017 B652 Or.5 | |||||
| 2019-12-11 | 2019-12-11 | Library Block B | 2019-12-11 | LMA | B652 | A063793 | Library Block B | LMA VON 2017 B652 Or.6 |